| 000 | 00372nam a2200145Ia 4500 | ||
|---|---|---|---|
| 005 | 20251222144843.0 | ||
| 008 | 251222s9999||||xx |||||||||||||| ||spa|| | ||
| 020 | _a84-8086-256-4 | ||
| 082 | _a658.403.52/T48 | ||
| 100 | _aThompson, Arthur A. | ||
| 245 | 0 | _aSimulación de Empresa en Dirección Estratégica: | |
| 250 | _a2a.ed. | ||
| 264 | _bMcGraw-Hill | ||
| 942 | _cLIB | ||
| 999 |
_c21287 _d21287 |
||